000 01113nam a22002535i 4500
001 176544
003 ES-MaACL
005 20230906220119.0
008 110121s1948 sp a |||| | spa d
080 _a821.134.2(82)-22"19"
100 1 _aDarthés, Camilo.
_9144840
245 1 1 _a"Tres mil pesos"
_b: comedia en tres actos, el primero dividido en dos cuadros /
_coriginal de Darthés y Damel.
260 _aMadrid :
_b[s. n.],
_ccop. 1948.
300 _a57 p. ;
_c17 cm.
490 1 _aBiblioteca teatral ;
_v94
500 _aAnteportada ilustrada.
500 _aEn port. : Estrenada en Buenos Aires (República Argentina) en el Teatro San Martín, por la Compañía de Eva Franco, el 17 de marzo de 1947, y en Madrid, en el Teatro Infanta Isabel, por la compañía titular, Isabelita Garcés, empresa y dirección Arturo Serrano, el 16 de octubre de 1947.
500 _aEncuadernado con otros títulos.
597 _aEn el lomo: 25-94.
700 1 _aDamel, Carlos S.
_9144841
830 0 _aBiblioteca teatral ;
_v94
_9190120
852 _aES-MaACL
_jE-14122 (94)
_xOlim P-302
999 _c176544
_d176544